000
00324nam a22001457a 4500
008
230403b ||||| |||| 00| 0 eng d
020
_a
0960386858
041
_a
eng
080
_a
721
082
_a
721ACP
100
_a
20
101
_a
NDERTIM
245
_a
CONCRETE PIPE DESIGN MANUAL
_c
AMERICAN .C.P
942
_2
udc
_c
BK
999
_c
59486
_d
59486